000 01102cam a22002771i 4500
003 SA-RiAUC
005 20250901100717.0
008 250831s2007 ua g 00000cara c
020 _z977342446
040 _aSA-JeALM
_bara
_cSA-RiAUC
_erda
082 0 4 _a239.8
090 _a239.8
_bغ ل ب
100 1 _aالغلبزوري، بثينة
_eمؤلف.
245 1 0 _aمع الرسول صلى الله عليه وسلم في أسرته /
_cبثينة الغلبزوري.
250 _aالطبعة الأولى.
264 1 _aالدار البيضاء - المغرب :
_bمطبعة النجاج الجديدة،
_c2006
300 _a119 صفحة ؛
_c20 سم.
336 _aنص
_btxt
_2rdacontent
_3كتاب
337 _aبدون وسيط
_bn
_2rdamedia
338 _aمجلد
_bnc
_2rdacarrier
490 0 _aومضات من السيرة النبوية ؛
_v5
600 0 7 _aمحمد (صلى الله عليه وسلم)،
_d53 قبل الهجرة-11 هجري
_xعائلة
_2aucnm
650 7 _aأهل بيت الرسول
_2aucsh
942 _2ddc
_cBOOK
_n0
949 _aSA-JeALM
_d250831
_uosman123
_n1
999 _c11366
_d11366